00643nam a2200229 a 450000100060000000300090000600800410001502000150005604000280007108200090009910000350010824500250014326000400016830000130020849000210022159000490024265000280029165000360031965000290035594200120038499900170039616337CO-ViMGA141112s2004 ck r 000 u spa d a9583008842 aCO-ViMGAbspacCO-ViMGA04aRAMs1 aRamos, María Cristina91631210aLas sombras del gato aBogotá : bPanAméricana, c2002 a56.p.il. aQue pase el tren aForma de adquisición : Premio - Mincultura14aLLUVIA - POESIAS92336414aPOESIA INFANTIL ARGENTINA9250914aSOMBRAS - POESIAS923365 2ddccBK c26221d26221